000 00372nam a2200157Ia 4500
008 151213s9999 xx 000 0 und d
100 _aRich Grace
245 _aUsing Power Point for Windows 95
_cRich Grace
250 _a2nd
260 _aU.S.A
_bOUE
_c1995
300 _a2785 p.
650 _aComputer
650 _aComputer
700 _aRich Grace
999 _c1895
_d1895